Cumplimiento del requisito del conocimiento del estado de cesación de pagos por parte del tercero en la acción de revocatoria concursal (Registro nro. 12245)

Detalles MARC
000 -LEADER
fixed length control field 00405 a2200109 4500
001 - CONTROL NUMBER
control field ART_41155
005 - DATE AND TIME OF LATEST TRANSACTION
control field 20260410161629.0
008 - FIXED-LENGTH DATA ELEMENTS--GENERAL INFORMATION
fixed length control field 260409a
100 1# - MAIN ENTRY--PERSONAL NAME
Personal name Rodríguez, Raquel E.
245 10 - TITLE STATEMENT
Title Cumplimiento del requisito del conocimiento del estado de cesación de pagos por parte del tercero en la acción de revocatoria concursal
773 0# - HOST ITEM ENTRY
Title Enfoques
Related parts - Nº 2 (feb. 2017)
Record control number REV416

No hay ítems disponibles.